000
00290nam a22001217a 4500
082
_a
621.3133 LAW'P
100
_a
LAWERENCE, R. R
_9
78749
245
_a
PRINCIPLES OF ALTERNATING CURRENT MACHINERY
250
_a
4TH
260
_a
NEWYORK
_b
MCGRAW HILL
_c
1953
300
_a
623P
942
_c
BK
999
_c
583835
_d
583835